1601 1882 1808 1432 1155 1943 1812 1946 1586 1183 1879 1653 1380 1131 1156 1978 1083 1987 1767 1274 1260 1276 1725 1150 1404 1017 1935 1964 1241 1775 1642 1154 1611 1616 1560 1300 1106 1893 1798 1143 1375 1484 1831 1624 1542 1469 1151 1909 1765 1139 1414 1144 1015 1353 1078 1014 1657 1763 1947 1559 1786 1673 1652 1699 1105 1741 1277 1040 1921 1106 1890 1453 1619 1034 1603 1054 1622 1325 1307 1691 1862 1932 1316 1433 1366 1236 1660 1803 1905 1844 1430 1896 1625 1327 1243 1344 1449 1245 1249 BCNSPRNW ULIB Ver.6.0+V

เปลี่ยนเป็นภาษาไทย

Change to English
 แสดงรายละเอียดบรรณานุกรม
  กลับหน้าหลัก

Brief Record : Get Marc (ISO 2709) : E-mail record : QR code < ปิดหน้าต่าง
LEADER : 00000nam 2200000uu 4500
001    13399120869
003     ULIB
008    121022s2555||||th 000 0 tha d
099    วจ.WP470^cจ533ผ
100 0  จิราพร ศรีพิบูลย์บัติ, นิสา ครุฑจันทร์ และธีริศา สินาคม
245 00 ผลการใช้โปรแกรมการเรียนรู้แบบมีส่วนร่วมต่อความรู้เจตคติและความตั้งใจในการตรวจคัดกรองมะเร็งปากมดลูก/^cจิราพร ศรีพิบูลย์บัติ, นิสา ครุฑจันทร์ และธีริศา สินาคม
260    นครสวรรค์:^bวิทยาลัยพยาบาลบรมราชชนนี สวรรค์ประชารักษ์ นครสวรรค์,^c2555
300    70 แผ่น
650  0 มะเร็งปากมดลูก^nการตรวจ^xวิจัย
700 0  นิสา ครุฑจันทร์
700 0  ธีริศา สินาคม
945    ^p0^l0^i032851
945    ^p0^l0^i032852
995    เกษร
999    ^aใช้งานได้ทุกระบบ
รายการนี้ยังไม่มีแท็ก
คุณยังไม่ได้ล็อกอิน คุณสามารถมีกิจกรรมร่วมกับเว็บไซต์ได้ แต่ต้องล็อกอินก่อน ::
  ล็อกอิน

รายการสื่อสารสนเทศ

ลำดับที่ ประเภท เลขเรียก/บาร์โค้ด สถานที่ สถานะ
1. งานวิจัย
งานวิจัย
วจ.WP470 จ533ผ  
  Barcode: 032851
ห้องสมุดวิทยาเขตสวรรค์ประชารักษ์
►วิจัย
บนชั้น
2. งานวิจัย
งานวิจัย
วจ.WP470 จ533ผ ฉ.2 
  Barcode: 032852
ห้องสมุดวิทยาเขตสวรรค์ประชารักษ์
►วิจัย
บนชั้น

BibComment


ยังไม่เคยถูกคอมเมนท์

คอมเมนท์ทรัพยากรรายการนี้
  คอมเมนท์: ผลการใช้โปรแกรมกา..


 Copyright 2026. Bcnsprnw @Library